000 00393nam a22001577a 4500
020 _a978-93-85269-78-3
082 _a894-812
_bBAS/B
100 _aTHARUVANA, ASEEZ
245 _aBASHEER PHALITHANGAL
_bCOMEDY
246 _aBASHEER PHALITHANGAL
_bCOMEDY
260 _aKOZHIKODE
_bOLIVE PUBLICATIONS
_c2004
300 _a88
520 _aBASHEER- JOKES
650 _aBASHEER- JOKES
942 _cBK
999 _c1546
_d1546